00402nam a22001217a 450000500170000000800410001704000130005808200200007110000300009124501070012126000410022830000110026920180228125938.0170705b xxu||||| |||| 00| 0 eng d cPK-LaUMT aZIAC 241bISM-C aIsma'il Ragi A. Al Faruqi aChristian ethics: a historical & systematic analysis of Its dominant ideas/cIsma'il Ragi A. Al Faruqi aMontreal :bMcGill university c1967 a333 p.